[Event "45th FIDE Chess Olympiad Open"]
[Site "Budapest, Hungary"]
[Date "2024.09.12"]
[Round "2"]
[White "Parligras, Mircea-Emilian"]
[Black "Zlatkov, Anton"]
[Result "1/2-1/2"]
[WhiteElo "2537"]
[BlackElo "2346"]
[PlyCount "86"]
[EventDate "2024.??.??"]
[WhiteTeam "Romania"]
[BlackTeam "North Macedonia"]
[WhiteTeamCountry "ROU"]
[WhiteClock "0:27:03"]
[BlackClock "0:38:00"]

1. d4 Nf6 2. c4 e6 3. Nc3 Bb4 4. e3 O-O 5. Bd3 d5 6. a3 Bxc3+ 7. bxc3 dxc4 8. Bxc4 c5 9. Nf3 Qc7 10. Be2 Nc6 11. O-O Rd8 12. c4 b6 ({RR} 12... e5 13. d5 e4 14. Nd2 Ne5 15. Re1 Bf5 16. Bb2 Qe7 17. a4 Ne8 18. Qc2 Nd6 19. Qc3 f6 20. a5 Qe8 21. Rf1 Qg6 22. Kh1 Re8 23. Rae1 h5 24. Rg1 Bg4 25. f3 Bf5 26. Qb3 Qf7 27. Qd1 {0-1 Campbell,R (2028)-Cummings,D (2317) Ontario Open 2024 (1.7)}) 13. Bb2 cxd4 ({RR} 13... Bb7 14. Rc1 Rac8 15. Re1 Ne7 16. Bd3 Be4 17. Bf1 Ng4 18. g3 Ba8 19. Bh3 Nf6 20. d5 Ne4 21. Nd2 Ng5 22. Bg2 exd5 23. Qg4 Ne6 24. cxd5 Bxd5 25. e4 Bb7 26. Nf3 Nc6 27. h4 h6 28. h5 {0-1 Eljanov,P (2695)-Rodshtein,M (2606) World Rapid Team 2023 (4.4)}) 14. exd4 Bb7 15. Re1 $146 ({RR} 15. Rc1 Qf4 16. Qc2 Rac8 17. Rfd1 Na5 18. Ne5 Qe4 19. Qxe4 Bxe4 20. f3 Bb7 21. Bc3 Nc6 22. Nxc6 Rxc6 23. Be1 Ba6 24. Rc3 Rdc8 25. Rdc1 Kf8 26. Kf1 Ke7 27. Bh4 Rd8 28. Rd1 h6 29. f4 Rcd6 {½-½ Garcia Gonzales,G (2450)-Debarnot,R (2420) Lanzarote 2nd 1974 (7)}) ({RR} 15. a4 Qf4 16. Ra3 Nb4 17. g3 Qh6 18. Nh4 Nc6 19. Bc1 g5 20. Rd3 Na5 21. d5 Qg7 22. Nf3 exd5 23. Bxg5 Nxc4 24. Rd4 Re8 25. Bxf6 Qxf6 26. Rf4 Qc3 27. Ng5 Re7 28. Bxc4 dxc4 29. Nxf7 Qd3 {1-0 Garcia Martinez,S (2420)-Debarnot,R (2420) Lanzarote 2nd 1974 (11)}) 15... Qf4 16. Qc1 Qxc1 17. Raxc1 Rac8 18. Bf1 Na5 19. Nd2 Ba6 20. Rc2 Ne8 21. Rec1 Nd6 22. d5 exd5 23. cxd5 Rxc2 24. Rxc2 Bxf1 25. Kxf1 f6 26. Rc3 Nb5 27. Rd3 Nb7 28. Ne4 Nc5 29. Nxc5 bxc5 30. a4 Nd4 31. Ba3 Rxd5 32. Bxc5 Rxc5 33. Rxd4 Rc7 34. Rd6 Kf7 35. Ra6 Ke7 36. Ke2 Kd7 37. Kd3 Kc8 38. h4 Rd7+ 39. Kc4 Re7 40. f3 Kb7 41. Rd6 Kc7 42. Ra6 Kb7 43. Rd6 Kc7 1/2-1/2

[Event "45th FIDE Chess Olympiad Open"]
[Site "Budapest, Hungary"]
[Date "2024.09.12"]
[Round "2"]
[White "Nguyen, Thai Dai Van"]
[Black "Amartuvshin, Ganzorig"]
[Result "1-0"]
[WhiteElo "2647"]
[BlackElo "2402"]
[PlyCount "108"]
[EventDate "2024.??.??"]
[WhiteTeam "Czech Republic"]
[BlackTeam "Mongolia"]
[WhiteTeamCountry "CZE"]
[BlackTeamCountry "MGL"]
[BlackClock "0:12:51"]

1. c4 {Roiz/Meyer,CD} Nf6 2. Nf3 e6 3. g3 d5 4. Bg2 dxc4 5. Qa4+ Nbd7 ({RR} 5... c6 6. Qxc4 b5 7. Qc2 Bb7 8. O-O ({RR} 8. d4 Nbd7 9. a4 c5 10. O-O b4 11. Bg5 Rc8 12. Nbd2 Be7 13. Qd3 O-O 14. Rfc1 cxd4 15. Qxd4 Qa5 16. Nb3 Rxc1+ 17. Bxc1 Qa6 18. Bf1 Rc8 19. Bf4 Bd5 20. e4 Bc4 21. Bxc4 Rxc4 22. Qd3 Qc8) 8... Nbd7 9. a4 a6 10. Nc3 Be7 ({RR} 10... Rc8 11. b3 Be7 12. Bb2 O-O 13. Rfc1 Qb6) 11. e4 O-O 12. e5 Nd5 13. Nxd5 cxd5 14. d4 bxa4 15. Qxa4 Nb8 16. Qb3 Bc6 17. Bd2 Bb5 18. Rfc1 Nc6 19. h4 Qb6) 6. Qxc4 c5 7. Qb3 Bd6 ({RR} 7... Rb8 8. d3 Bd6 9. a4 b6 10. Na3 a6 11. Bd2 O-O 12. Nc4 Bc7 13. O-O Bb7 14. Qa3 b5 15. axb5 axb5 16. Na5 Bd5 17. b4 c4 18. Rfc1 cxd3 19. Qxd3 Ne5 20. Nxe5 Bxe5 21. Bc3 Bxc3 22. Rxc3) 8. O-O ({RR} 8. a4) ({RR} 8. Nc3 O-O ({RR} 8... a6 9. O-O Rb8 10. d4 b5 11. dxc5 Nxc5 12. Qc2 b4 13. Na4 Nxa4 14. Qxa4+ Bd7 15. Qxa6 Bb5 16. Qa7 Bxe2 17. Re1 Bc4 18. Bg5) 9. d3 a6 10. a4 Bc7 11. Qa2 Ba5 12. O-O Ra7 13. Nd2 b6 14. Nc4 Bb4 15. Nd6 Ne5 16. Nxc8 Qxc8 17. Rd1 Nc6 18. Bd2 h6 19. Rac1 Rd8 20. Ne4 Nxe4 21. Bxe4 Bxd2 22. Rxd2 a5) ({RR} 8. Na3 O-O 9. Nc4 Bc7 10. Na3 Ng4) 8... e5 $146 ({RR} 8... Qc7 9. d3 Rb8 10. a4 b6 11. Na3 Ba6 12. Nb5 Bxb5 13. axb5 O-O 14. Bd2 Nd5 15. Rfc1 Ne5 16. Ng5 Rbd8 17. d4 Ng6 18. e4 Nde7 19. Be3 Nc8 20. e5 Be7 21. Ne4 Qb8 22. dxc5 Qxe5 23. c6 {1-0 Spassov,L (2425)-Gutierrez Martinez,J (2240) Sitges op 1994 (5)}) ({RR} 8... Rb8 9. Nc3 a6 10. d4 b5 11. dxc5 Nxc5 12. Qc2 Bb7 13. Rd1 Rc8 14. Bf4 Nce4 15. Ng5 e5 16. Bxe4 {1-0 Duda,J (2733)-Erigaisi,A (2778) chess.com SpeedChess 2024 (1.9)}) ({RR} 8... O-O 9. Nc3 ({RR} 9. a4 Rb8 10. Na3 a6 11. Nc4 Bc7 12. a5) 9... a6 10. a4 ({RR} 10. d4 b5 ({RR} 10... Rb8 11. Bg5 b5 12. Ne4) 11. Ne5 cxd4 12. Bxa8 Bxe5 13. Ne4) ({RR} 10. Rd1 e5 11. e3 b5 12. d4 exd4 13. Nxd4 cxd4 14. Rxd4 Ne5 15. Qd1 Bg4 16. f3 Nxf3+ 17. Bxf3 Bxf3 18. Qxf3 Qc7) 10... Qc7 ({RR} 10... b6 11. Ng5 Rb8 ({RR} 11... c4 12. Qxc4 Ne5 13. Qb3) 12. Nxe6) 11. d3 ({RR} 11. d4 b6) ({RR} 11. a5 c4 12. Qa2) 11... b6 ({RR} 11... Rb8 12. a5 b5 13. axb6 Nxb6 14. Nd2 Nbd5 15. Qa4 Be5 16. Ra3 Rd8 17. Nc4 Nb6 18. Qa5 Nxc4 19. Qxc7 Bxc7 20. dxc4 Be5 21. Na4 Nd7 22. Rd1 Rf8 23. b3 Bd4 24. Bf4 e5 25. Bd2 e4 26. Bf4) 12. Ne5 ({RR} 12. Ng5 Rb8 ({RR} 12... Bb7 13. Nxe6) 13. Nce4 ({RR} 13. a5 b5 ({RR} 13... bxa5 14. Qa4) 14. Nce4 Nxe4 15. Nxe4 Bb7 16. Be3 Bd5 17. Qc2 Be7) 13... Nxe4 14. Nxe4 Bb7) 12... Bb7 13. Nxd7 Nxd7 ({RR} 13... Qxd7 14. Bxb7 Qxb7 15. Bg5 Nd5) 14. Bxb7 Qxb7 15. Be3 Rfc8 16. Rfc1 Be5 ({RR} 16... Be7) 17. Ne4 Qd5 18. Qc2 ({RR} 18. Ra3 Bd4) 18... f5 19. Nd2 Bf6 ({RR} 19... Rf8 20. f4 ({RR} 20. Nf3 f4 21. Bd2 Bd6) 20... Bd4 ({RR} 20... Bf6 21. Rab1 ({RR} 21. Bf2 e5 22. a5 b5) 21... e5 22. Qc4 Qxc4 23. Nxc4 exf4 24. Bxf4) 21. Bxd4 Qxd4+ 22. Kg2) 20. Rab1 b5 ({RR} 20... Ne5 21. Nc4 Nxc4 22. Qxc4 a5) ({RR} 20... a5) 21. axb5 ({RR} 21. b4 cxb4 22. Qxc8+ Rxc8 23. Rxc8+ Kf7 24. Rxb4 Be7 25. Rb1 bxa4) 21... axb5 22. b4 Ne5 ({RR} 22... Ra2 23. Qb3 ({RR} 23. Qd1 Bb2 ({RR} 23... Bd4 24. Bxd4 Qxd4 25. Nb3) 24. Rc2 Bd4 25. Bxd4 Rxc2 26. Qxc2 Qxd4 27. Nf3 Qd6 28. bxc5 Rxc5 29. Qa2 h6 30. d4 Rd5 31. e3) 23... Qxb3 24. Rxb3 c4 25. dxc4 Ne5 26. c5 Nc6 27. Kf1 Rd8 28. Nf3 h6 29. Ne1 e5 30. Rd3 Rxd3 31. Nxd3) ({RR} 22... cxb4 23. Qxc8+ Rxc8 24. Rxc8+ Kf7 25. Rxb4 Ne5 26. Rc2 ({RR} 26. Rb8 Ng4 27. Nf3 Qa2) ({RR} 26. Rc5 Qa2 27. Rcxb5 Ng4 28. Nf1 Qxe2) 26... Nc6 27. Rb1 Nd4 28. Bxd4 Bxd4 29. e4 fxe4 30. dxe4 Qb7 31. Nc4) ({RR} 22... c4 23. dxc4 bxc4 24. Nxc4 Ne5 25. Bc5) 23. bxc5 {1-0 Roiz,M (2658)-Naiditsch,A (2685) Bundesliga 0910 2009 (10.7)} ({RR} 23. Bxc5 Ra2 24. Qd1 Rca8 25. d4)) ({RR} 8... O-O 9. a4 e5 10. Nc3 Nb8 11. d3 h6 12. Nb5 Be6 13. Qc2 Nc6 14. Be3 Nd4 15. Nfxd4 cxd4 16. Bd2 Nd5 17. Nxd6 Qxd6 18. Rfc1 Rac8 19. Qd1 b6 20. a5 b5 21. Rxc8 Rxc8 22. Rc1 {½-½ Ftacnik,L (2570)-Ribli,Z (2588) Bundesliga 1112 2011 (10.5)}) 9. d3 O-O 10. a4 h6 11. a5 Nb8 12. Nfd2 Nc6 13. a6 Rb8 14. Qd1 Qd7 15. axb7 Bxb7 16. Nc3 a6 17. Nc4 Nb4 18. Qa4 Qe6 19. Be3 Bxg2 20. Kxg2 Be7 21. f3 Nd7 22. Rfc1 f5 23. Nd2 Kh7 24. Qd1 Nb6 25. Bf2 Rfc8 26. Na4 Nxa4 27. Rxa4 Nd5 28. Nc4 f4 29. g4 Rc6 30. Rca1 h5 31. h3 Rh8 32. Na5 Rcc8 33. Nc4 Rc6 34. Qb3 Rd8 35. Qc2 Nb4 36. Qc1 Rb8 37. Na5 Rcb6 38. Nc4 Rc6 39. Na5 Rcb6 40. Qc4 Qg6 41. Rc1 Rb5 42. Qe4 Qxe4 43. fxe4 f3+ 44. Kxf3 Rf8+ 45. Kg3 Bh4+ 46. Kxh4 Rxf2 47. Nc4 Rxe2 48. Ra3 Rg2 49. gxh5 Nc6 50. Rxa6 g5+ 51. hxg6+ Rxg6 52. Rf1 Rh6+ 53. Kg3 Rb7 54. Nd2 Rd7 1-0

[Event "45th FIDE Chess Olympiad Open"]
[Site "Budapest, Hungary"]
[Date "2024.09.12"]
[Round "2"]
[White "Chinguun, Sumiya"]
[Black "Zilka, Stepan"]
[Result "1-0"]
[WhiteElo "2389"]
[BlackElo "2574"]
[PlyCount "75"]
[EventDate "2024.??.??"]
[WhiteTeam "Mongolia"]
[BlackTeam "Czech Republic"]
[WhiteTeamCountry "MGL"]
[BlackTeamCountry "CZE"]
[WhiteClock "0:11:54"]
[BlackClock "0:03:47"]

1. e4 c5 2. Nf3 d6 3. d4 cxd4 4. Nxd4 Nf6 5. Nc3 a6 6. Be2 e5 7. Nf3 h6 8. a4 Be7 ({RR} 8... Be6 9. Nd2 Nbd7 10. Nc4 Nc5 11. f3 Rc8 12. Ne3 Be7 13. O-O O-O 14. Kh1 Ncd7 15. Qd3 Qc7 16. Rd1 Rfd8 17. a5 Nf8 18. Ncd5 Nxd5 19. exd5 Bd7 20. c4 Ng6 21. Nf5 Bf8 22. b4 Rb8 23. Be3 {0-1 Krysa,L (2527)-Salem,A (2682) Titled Tuesday intern op 16th Feb blitz 2021 (8)}) ({RR} 8... Be6 9. Nd2 d5 10. exd5 Nxd5 11. Nxd5 Bxd5 12. O-O Nc6 13. Nc4 Bc5 14. c3 a5 15. Be3 Bxe3 16. Nxe3 Be6 17. Bb5 O-O 18. Qf3 Rc8 19. Rfe1 Qg5 20. Rad1 f5 21. Nd5 f4 22. h3 Bf5 23. Bd3 {1-0 Lokesh,N (2217)-Touzane,O (2084) 17th Tamil Nadu IM 2024 (7.3)}) 9. Bc4 Qc7 $146 ({RR} 9... O-O 10. O-O Nc6 11. Qe2 Bg4 12. Be3 Nd4 13. Bxd4 exd4 14. Nd5 Rc8 15. Bb3 Nxd5 16. exd5 Bf6 17. Qd3 Bxf3 18. Qxf3 Re8 19. Rfe1 Qa5 20. Re4 Re5 21. Rxe5 Bxe5 22. Qd3 Bf6 23. h3 Re8 24. g3 {0-1 Stepanyan,E (1952)-Nebolsina,V (2220) RUS-chT blitz (Women) 2017 (6.2)}) 10. Qe2 Be6 11. Bxe6 fxe6 12. Nh4 Kf7 13. O-O g5 14. Nf3 Nc6 15. Bxg5 hxg5 16. Nxg5+ Kg8 17. Nxe6 Qc8 18. Ng5 Nd4 19. Qd3 Qg4 20. f4 Rc8 21. Rae1 exf4 22. e5 Qxg5 23. exf6 Bxf6 24. Ne4 Qh6 25. Nxf6+ Qxf6 26. Re4 Ne6 27. Qb3 d5 28. Qxd5 Rh6 29. Rfxf4 Qd8 30. Rg4+ Kh7 31. Qf5+ Kh8 32. Qe5+ Kh7 33. Qf5+ Kh8 34. Rxe6 Qd1+ 35. Kf2 Rxc2+ 36. Kg3 Rxg2+ 37. Kxg2 Qd2+ 38. Kf1 1-0

[Event "45th FIDE Chess Olympiad Open"]
[Site "Budapest, Hungary"]
[Date "2024.09.12"]
[Round "2"]
[White "Krejci, Jan"]
[Black "Baasansuren, Erdene"]
[Result "1/2-1/2"]
[WhiteElo "2556"]
[BlackElo "2368"]
[PlyCount "105"]
[EventDate "2024.??.??"]
[WhiteTeam "Czech Republic"]
[BlackTeam "Mongolia"]
[WhiteTeamCountry "CZE"]
[BlackTeamCountry "MGL"]
[WhiteClock "0:04:17"]
[BlackClock "0:19:33"]

1. c4 Nf6 2. Nc3 e6 3. d4 Bb4 4. Nf3 d5 5. Qa4+ Nc6 6. e3 O-O 7. Bd2 dxc4 8. Bxc4 Bd6 9. Qc2 e5 10. dxe5 Nxe5 11. Be2 ({RR} 11. Nxe5 Bxe5 12. f4 Bxc3 13. Bxc3 Ng4 14. Bd4 c5 15. Bxc5 Re8 16. O-O Nxe3 17. Bxe3 Rxe3 18. Qf2 Re8 19. Rad1 Qc7 20. Rc1 Qd6 21. f5 Qf6 22. Bb3 Bd7 23. Rc7 Re7 24. Rxb7 a5 25. Rb6 Qg5 {1-0 Andreikin,D (2724)-Carlsen,M (2872) Wch Blitz Moscow 2019 (7)}) 11... Qe7 $146 ({RR} 11... Nxf3+ 12. gxf3 a6 13. O-O-O b5 14. Rhg1 b4 15. Ne4 Nxe4 16. fxe4 Qe7 17. f4 a5 18. e5 Bc5 19. Rg5 Ba6 20. Rdg1 g6 21. Bxa6 Rxa6 22. f5 Ba7 23. e6 Kh8 24. Kb1 gxf5 25. Bxb4 Qxb4 26. Qg2 {1-0 Gukesh,D (2684)-Sargissian,G (2698) Olympiad-44 Chennai 2022 (6.1)}) ({RR} 11... c6 12. h3 Re8 13. O-O-O b5 14. Kb1 Qc7 15. Nxe5 Bxe5 16. Bd3 h6 17. g4 b4 18. Ne2 c5 19. f4 Bd6 20. g5 hxg5 21. fxg5 Nd7 22. g6 Ne5 23. gxf7+ Qxf7 24. Rdf1 Qe7 25. Bh7+ Kh8 26. Nf4 {1-0 Laylo,D (2408)-Vaz,E (2409) Hanoi GMA2 March 2024 (8.4)}) ({RR} 11... Nxf3+ 12. gxf3 a6 13. O-O-O b5 14. Ne4 Nxe4 15. Qxe4 Be6 16. Bc3 Qe7 17. Rhg1 g6 18. a3 c5 19. Bf6 Qxf6 20. Rxd6 c4 21. Qd4 Qxd4 22. Rxd4 a5 23. f4 Rfc8 24. e4 Kf8 25. Kd2 b4 26. Rc1 {½-½ Sivuk,V (2569)-Garifullina,L (2375) Tsaghkadzor ChessMood op 2022 (3)}) ({RR} 11... Re8 12. O-O-O Qe7 13. h3 Nc6 14. a3 a5 15. Ng5 Nb4 16. axb4 axb4 17. Bc4 bxc3 18. Bxc3 Be6 19. Bxf6 Qxf6 20. Qxh7+ Kf8 21. Nxe6+ fxe6 22. f4 Ra5 23. Qe4 Ra4 24. Qc2 Rea8 25. Bb3 R4a5 26. Qe4 {1-0 Aghamaliyev,C (2485)-Samani,Y (2339) TUR-chT Ankara 2022 (6.6)}) 12. Ng5 g6 13. h3 h6 14. Nf3 Bf5 15. e4 Nxe4 16. Nxe4 Nc6 17. Bd3 Bxe4 18. Bxe4 Rfe8 19. O-O-O Qxe4 20. Qxe4 Rxe4 21. Bxh6 Bc5 22. Rd2 Rae8 23. Bg5 Re2 24. Rf1 Rxd2 25. Kxd2 Nd4 26. Nxd4 Bxd4 27. Kd3 c5 28. b4 Kg7 29. a4 f6 30. bxc5 Bxc5 31. Rc1 Rd8+ 32. Ke2 Re8+ 33. Kf3 Re5 34. Bf4 Rd5 35. Rc4 Kf7 36. h4 b6 37. g4 g5 38. hxg5 fxg5 39. Bc1 Kg6 40. Ke4 Rd7 41. Be3 Re7+ 42. Kd3 Rd7+ 43. Ke4 Re7+ 44. Kd3 Rd7+ 45. Kc3 Rd5 46. Bxc5 bxc5 47. Re4 Kf6 48. Kc4 Re5 49. Re3 Ke6 50. a5 Kd6 51. a6 Rd5 52. Re4 Rd1 53. f4 1/2-1/2

[Event "45th FIDE Chess Olympiad Open"]
[Site "Budapest, Hungary"]
[Date "2024.09.12"]
[Round "2"]
[White "Amilal Munkhdalai"]
[Black "Vykouk, Jan"]
[Result "1/2-1/2"]
[WhiteElo "2374"]
[BlackElo "2483"]
[PlyCount "98"]
[EventDate "2024.??.??"]
[WhiteTeam "Mongolia"]
[BlackTeam "Czech Republic"]
[WhiteTeamCountry "MGL"]
[BlackTeamCountry "CZE"]
[WhiteClock "0:10:31"]
[BlackClock "0:07:30"]

1. e4 c5 2. Nf3 d6 3. Bb5+ Nd7 4. O-O Ngf6 5. Re1 a6 6. Bd3 Qc7 7. c3 b5 8. Bc2 Bb7 9. d3 e6 10. Nbd2 Be7 11. Nf1 Rc8 12. Ng3 O-O 13. Bd2 $146 ({RR} 13. a4 Rfe8 14. axb5 axb5 15. Bg5 h6 16. Bxf6 Nxf6 17. h3 Ra8 18. Qd2 Nd7 19. h4 Rec8 20. Bb3 c4 21. dxc4 bxc4 22. Bc2 Nc5 23. Qf4 Nd3 24. Bxd3 cxd3 25. Qe3 Qc4 26. Nd2 Qb5 27. Rxa8 Bxa8 {0-1 Grinev,V (2418)-Arias,L (2210) Titled Tue 3rd Oct Late 2023 (4)}) 13... Rfd8 14. Rc1 Qb8 15. d4 cxd4 16. cxd4 Qa8 17. Qe2 d5 18. e5 Ne4 19. Nxe4 dxe4 20. Bxe4 Bxe4 21. Qxe4 Qxe4 22. Rxe4 Rxc1+ 23. Bxc1 Rc8 24. Re1 Rc2 25. Rd1 Nb6 26. Ne1 Rc4 27. b3 Rc8 28. Bd2 Nd5 29. Kf1 Ba3 30. Rb1 Kf8 31. Ke2 Ke8 32. Kd1 a5 33. Nc2 Be7 34. Rc1 Ra8 35. Ne3 Nf4 36. Rc2 a4 37. g3 axb3 38. axb3 Nh3 39. Ke2 Ng1+ 40. Kd3 Ra3 41. Rb2 Nf3 42. h4 f6 43. exf6 Bxf6 44. Bc3 Ra1 45. Ke4 Ng1 46. Rc2 Ra3 47. d5 Bxc3 48. Rxc3 exd5+ 49. Nxd5 Ra2 1/2-1/2

[Event "45th FIDE Chess Olympiad Open"]
[Site "Budapest, Hungary"]
[Date "2024.09.12"]
[Round "2"]
[White "Murphy, Conor E"]
[Black "Rodshtein, Maxim"]
[Result "0-1"]
[WhiteElo "2453"]
[BlackElo "2600"]
[PlyCount "102"]
[EventDate "2024.??.??"]
[WhiteTeam "Ireland"]
[BlackTeam "Israel"]
[WhiteTeamCountry "IRL"]
[BlackTeamCountry "ISR"]
[WhiteClock "0:02:00"]
[BlackClock "0:06:48"]

1. e4 c5 2. Nf3 d6 3. d4 cxd4 4. Nxd4 Nf6 5. Nc3 a6 6. Rg1 e5 7. Nb3 h5 8. Bg5 Be6 ({RR} 8... Be7 9. Bxf6 Bxf6 10. Qd3 Bg5 11. Rd1 Be7 12. g3 Be6 13. Nd5 Nc6 14. c3 h4 15. Kd2 Rc8 16. Kc1 Bg5+ 17. Kb1 Ne7 18. f4 Bxd5 19. exd5 Bf6 20. Bh3 Rc7 21. Bg4 Ng6 22. Rgf1 Re7 23. Nd2 {1-0 Carlsen,M (2839)-So,W (2753) chess.com SpeedChess 2023 (3.11)}) 9. Qd3 Nbd7 10. O-O-O Be7 11. g3 $146 ({RR} 11. Kb1 Rc8 12. Bxf6 Nxf6 13. Nd5 Nxd5 14. exd5 Bd7 15. Be2 g6 16. g4 hxg4 17. Bxg4 f5 18. Be2 Kf7 19. Rg2 Rh4 20. Rdg1 g5 21. Nd2 Qc7 22. f4 Rxf4 23. Qh3 Qxc2+ 24. Ka1 g4 25. Qh7+ Ke8 {0-1 Danielyan,V (2332)-Hayrapetyan,H (2499) Yerevan Margaryan Memorial-A 2022 (6)}) ({RR} 11. Kb1 Rc8 12. Be2 b5 13. a3 Qb6 14. Be3 Qb7 15. Nd5 Bxd5 16. exd5 Nb6 17. Bf3 Nc4 18. h3 e4 19. Bxe4 Ne5 20. Qe2 Nxe4 21. Bf4 Nf6 22. Bxe5 dxe5 23. d6 Bd8 24. Qxe5+ Kf8 25. Nc5 Qc6 {½-½ Hansen,E (2610)-Ebrahimi Herab,H (2333) Titled Tue 4th Jun Late 2024 (10)}) ({RR} 11. Kb1 b5 12. Bxf6 gxf6 13. Nd5 Bxd5 14. Qxd5 Qc7 15. Qxa8+ {1-0 Blackman,J (2192)-Bommini,M (2029) Titled Tuesday intern op 22nd Sept blitz 2020 (5)}) 11... Rc8 12. f4 Qc7 13. Kb1 b5 14. Bxf6 Nxf6 15. Nd5 Nxd5 16. exd5 Bg4 17. Be2 Bf6 18. Rge1 Kf8 19. fxe5 Bxe5 20. Rd2 Bd7 21. Nd4 Re8 22. Bf3 g6 23. Nc6 Kg7 24. Rde2 Bf6 25. Rxe8 Rxe8 26. Rxe8 Bxe8 27. Qe3 Qc8 28. a3 Qh3 29. Qe2 Bd7 30. Ka2 Qf5 31. Nb8 Bc8 32. Nc6 h4 33. g4 Qf4 34. h3 Qg3 35. Bg2 Bg5 36. c3 Be3 37. Bf1 Qf4 38. Bg2 Bd7 39. Nb4 Bc8 40. Nd3 Qg5 41. Nb4 Qf4 42. Nd3 Qg3 43. Bf3 Bg5 44. Bg2 f5 45. gxf5 Bxf5 46. Nb4 Bxh3 47. Bxh3 Qxh3 48. Nxa6 Qc8 49. Qg2 Bf6 50. Nb4 h3 51. Qf3 h2 0-1

[Event "45th FIDE Chess Olympiad Open"]
[Site "Budapest, Hungary"]
[Date "2024.09.12"]
[Round "2"]
[White "Gorshtein, Ido"]
[Black "Kanyamarala, Tarun"]
[Result "0-1"]
[WhiteElo "2543"]
[BlackElo "2361"]
[PlyCount "106"]
[EventDate "2024.??.??"]
[WhiteTeam "Israel"]
[BlackTeam "Ireland"]
[WhiteTeamCountry "ISR"]
[BlackTeamCountry "IRL"]
[WhiteClock "0:22:36"]
[BlackClock "0:03:21"]

1. c4 e5 2. d3 Nf6 3. Nf3 Nc6 4. a3 d5 5. cxd5 Nxd5 6. e4 Nf6 7. Be2 a5 8. O-O ({RR} 8. Qc2 Bg4 9. Nbd2 Be7 10. h3 Bh5 11. b3 O-O 12. Bb2 Nd7 13. O-O Bc5 14. Rfc1 Ba7 15. b4 Bb6 16. b5 Na7 17. a4 Re8 18. Nc4 Bxf3 19. Bxf3 c6 20. Bg4 Nf6 21. Nxe5 h5 22. Be2 cxb5 {1-0 Harsha,B (2550)-Atwell,R (2208) 1000GM Labor Super Swiss 2024 (1.4)}) 8... Bc5 9. Be3 Ba7 $146 ({RR} 9... Bb6 10. Nc3 O-O 11. Na4 Ba7 12. Rc1 Qe7 13. Nc5 Rd8 14. h3 Bb6 15. Qc2 h6 16. Rfd1 Be6 17. Nxb7 Rdb8 18. Bxb6 cxb6 19. Qxc6 Rxb7 20. Nxe5 Rc8 21. Qb5 Rc5 22. Rxc5 bxc5 23. Qxa5 Rxb2 24. Rd2 {0-1 Petrov,M (2545)-Lashkin,J (2386) Titled Tuesday intern op 10th May Early blitz 2022 (5)}) 10. h3 O-O 11. Nc3 Be6 12. Rc1 h6 13. Bxa7 Rxa7 14. Qd2 Ra8 15. Bd1 Nh5 16. Ba4 Qf6 17. Bxc6 bxc6 18. Qe3 Nf4 19. Ne2 Rab8 20. Rc2 Rfd8 21. Nxf4 exf4 22. Qe2 Rb3 23. d4 Bc8 24. Rfc1 Rb6 25. Rc5 g5 26. Qc2 g4 27. hxg4 Bxg4 28. Ne5 Be6 29. Nxc6 Rxc6 30. Rxc6 Rxd4 31. Rd1 f3 32. Rxd4 Qxd4 33. gxf3 Bh3 34. Kh2 Bf1 35. Rxc7 Qe5+ 36. Kg1 Bh3 37. Rc8+ Kh7 38. Qc7 Qg7+ 39. Qg3 Bxc8 40. b4 a4 41. Kg2 Kg8 42. b5 Kf8 43. b6 Qg6 44. Qxg6 fxg6 45. f4 Ke7 46. Kg3 Kd6 47. Kh4 Kc6 48. f5 gxf5 49. exf5 Bxf5 50. Kh5 Kxb6 51. Kxh6 Kc5 52. Kg5 Bh7 53. f4 Kc4 0-1

[Event "45th FIDE Chess Olympiad Open"]
[Site "Budapest, Hungary"]
[Date "2024.09.12"]
[Round "2"]
[White "O`Gorman, Tom"]
[Black "Nabaty, Tamir"]
[Result "1-0"]
[WhiteElo "2353"]
[BlackElo "2630"]
[PlyCount "81"]
[EventDate "2024.??.??"]
[WhiteTeam "Ireland"]
[BlackTeam "Israel"]
[WhiteTeamCountry "IRL"]
[BlackTeamCountry "ISR"]
[WhiteClock "0:09:38"]
[BlackClock "0:00:32"]

1. e4 e5 2. Nf3 Nc6 3. Bb5 Bc5 4. c3 Nf6 5. d4 exd4 6. e5 Nd5 7. O-O Be7 8. cxd4 d6 9. Nc3 Nxc3 10. bxc3 O-O 11. h3 dxe5 ({RR} 11... Bd7 12. exd6 cxd6 13. Re1 Re8 14. Rb1 Bf5 15. Bd3 Bxd3 16. Qxd3 Na5 17. Qf5 b6 18. Rb2 Bf6 19. Rbe2 Rxe2 20. Rxe2 Qc8 21. Qe4 h6 22. Bf4 Nb7 23. c4 Rb8 24. Qd5 Qc7 25. Nd2 Be7 26. Ne4 {0-1 Martin,J (2418)-Ciolek,A (2254) 2nd Munich Festival Open 2024 (1.10)}) 12. Bxc6 bxc6 13. Nxe5 Bf6 $146 ({RR} 13... Bb7 14. Rb1 Rb8 15. Qf3 Qd6 16. Rb3 f6 17. Ba3 c5 18. Rxb7 fxe5 19. Rxb8 Rxb8 20. Bxc5 Qe6 21. Bxe7 Qxe7 22. Qd5+ Kf8 23. dxe5 Rb2 24. Rd1 Qh4 25. Qf3+ Ke7 26. Qf5 Qa4 27. Rd4 Qb5 28. c4 {1-0 Strugar,J (2067)-Markovic,F (1691) Belgrade-chT Quality 2021 (8.8)}) 14. Qa4 Bxe5 15. dxe5 Qd5 16. Be3 c5 17. Rfd1 Qxe5 18. Qc6 Be6 19. Qxc5 Qxc5 20. Bxc5 Rfb8 21. Rab1 a5 22. a3 h6 23. Be3 Kh7 24. Bf4 Rc8 25. Rb5 c6 26. Rc5 a4 27. Rd4 Ra6 28. f3 Re8 29. Kf2 Bd5 30. Rb4 Bb3 31. Rb7 Raa8 32. Rd7 Re6 33. Rxf7 Rae8 34. Rc7 Re2+ 35. Kg3 Bd5 36. c4 Rc2 37. Ra5 Bxc4 38. Raa7 Rg8 39. Rxc6 Re8 40. Bxh6 Re6 41. Rxe6 1-0

[Event "45th FIDE Chess Olympiad Open"]
[Site "Budapest, Hungary"]
[Date "2024.09.12"]
[Round "2"]
[White "Smirin, Ilia"]
[Black "Fitzsimons, David"]
[Result "1-0"]
[WhiteElo "2575"]
[BlackElo "2315"]
[PlyCount "91"]
[EventDate "2024.??.??"]
[WhiteTeam "Israel"]
[BlackTeam "Ireland"]
[WhiteTeamCountry "ISR"]
[BlackTeamCountry "IRL"]
[WhiteClock "0:19:23"]
[BlackClock "0:08:48"]

1. e4 e6 2. d4 d5 3. Nc3 dxe4 4. Nxe4 Nd7 5. Nf3 Ngf6 6. Nxf6+ Nxf6 7. Be3 Nd5 8. Bd2 c5 9. Ne5 a6 10. c3 Bd6 11. Qa4+ Bd7 12. Qxd7+ Qxd7 13. Nxd7 Kxd7 14. dxc5 Bxc5 15. g3 Rad8 $146 ({RR} 15... Kc7 16. Bg2 Rhd8 17. Ke2 e5 18. Rhd1 f6 19. b4 Bf8 20. a4 Nb6 21. a5 Nc4 22. Be1 Rd6 23. Rxd6 Nxd6 24. Bd5 Rd8 25. Rd1 Nf5 26. Bg8 Rxd1 27. Kxd1 h6 28. Ke2 b6 29. axb6+ Kxb6 30. Kd3 {1-0 Van Delft,M (2397)-Baider,D (2125) Queenstown op 2009 (6)}) 16. Bg2 Kc8 17. Ke2 Nf6 18. Rhd1 Rd7 19. b4 Bb6 20. c4 Bd4 21. Rac1 b6 22. c5 bxc5 23. Bf4 Nh5 24. Rxd4 Rxd4 25. Rxc5+ Kd7 26. Bc6+ Ke7 27. Rxh5 Rxb4 28. Ra5 Rb2+ 29. Kf1 Rb6 30. Bf3 Rc8 31. Be3 Rb2 32. Rxa6 Rcc2 33. a4 Ra2 34. a5 Ra1+ 35. Kg2 Ra3 36. Bd4 f6 37. Ra7+ Kf8 38. a6 Rc4 39. Be3 Rc8 40. Bb7 Rc2 41. Be4 Rc8 42. Bxh7 Rc6 43. Ra8+ Kf7 44. a7 f5 45. Bg8+ Kf6 46. Rf8+ 1-0

[Event "45th FIDE Chess Olympiad Open"]
[Site "Budapest, Hungary"]
[Date "2024.09.12"]
[Round "2"]
[White "Le, Quang Liem"]
[Black "Mohammad Fahad, Rahman"]
[Result "1-0"]
[WhiteElo "2741"]
[BlackElo "2419"]
[PlyCount "67"]
[EventDate "2024.??.??"]
[WhiteTeam "Vietnam"]
[BlackTeam "Bangladesh"]
[WhiteTeamCountry "VIE"]
[BlackTeamCountry "BAN"]
[WhiteClock "0:12:02"]
[BlackClock "0:01:16"]

1. c4 e6 2. Nf3 d5 3. e3 Nf6 4. Nc3 c6 5. b3 Bd6 6. Bb2 O-O 7. Be2 b6 8. Qc2 Bb7 9. Rg1 e5 10. g4 Na6 11. g5 Nd7 12. a3 Rc8 $146 ({RR} 12... Nc7 13. h4 Qe7 14. h5 f5 15. gxf6 Rxf6 16. Ng5 Nf8 17. Bd3 h6 18. Nh7 Nxh7 19. Bxh7+ Kh8 20. Bg6 Raf8 21. Rg2 Rf3 22. Ne2 Qf6 23. O-O-O Rxf2 24. Rxf2 Qxf2 25. Nc3 Ne6 26. Kb1 Qg2 27. b4 {0-1 Hilby,C (2454)-Mishra,A (2370) Charlotte CCCSA Spring GM 2021 (9)}) ({RR} 12... Nc7 13. h4 Ne6 14. Bd3 g6 15. h5 Ng7 16. Rh1 Nc5 17. Be2 Qe7 18. b4 Nce6 19. b5 Nxg5 20. bxc6 Bxc6 21. cxd5 Bd7 22. Nxg5 Qxg5 23. O-O-O Qe7 24. Rdg1 Bxa3 25. hxg6 hxg6 26. Rg2 Qb4 27. Rgh2 {½-½ Kaustuv,K (2423)-Saurabh,A (2243) 1st Bangalore Int Open 2024 (5.27)}) ({RR} 12... Nc7 13. h4 Qe7 14. h5 f5 15. gxf6 Rxf6 16. Ng5 Nf8 17. Bd3 Rh6 18. Ne2 Ne8 19. f4 e4 20. Ng3 exd3 21. Qxd3 Bc8 22. cxd5 Bxf4 23. Nf3 Bxg3+ 24. Rxg3 Rxh5 25. dxc6 Bf5 26. Qc3 Bg6 27. Ke2 {0-1 Hrbek,S (2303)-Nemec,J (2367) CZE-ch Usti nad Labem 2022 (5)}) 13. h4 e4 14. Nd4 Ne5 15. f4 exf3 16. Nxf3 Nxf3+ 17. Bxf3 Qe7 18. h5 Rfd8 19. Bg4 Rc7 20. Bf5 d4 21. Ne4 Be5 22. O-O-O Kh8 23. h6 g6 24. exd4 Rxd4 25. Rge1 c5 26. Nf6 Bf3 27. Bg4 Bxd1 28. Kxd1 Nb8 29. Bxd4 cxd4 30. Qe4 Bxf6 31. gxf6 Qf8 32. Qf4 Rc5 33. Re7 Nc6 34. Qe4 1-0